| 000 | 01578cam a22004217i 4500 | ||
|---|---|---|---|
| 001 | 18255988 | ||
| 003 | NUST | ||
| 005 | 20211014102949.0 | ||
| 008 | 140806t20152016maua 001 0 eng d | ||
| 010 | _a 2014947843 | ||
| 020 | _a9789386650368 | ||
| 035 | _a(OCoLC)ocn884811322 | ||
| 038 | _akhadija | ||
| 040 |
_aBTCTA _beng _cBTCTA _erda _dYDXCP _dGZN _dOCLCF _dDLC |
||
| 042 | _alccopycat | ||
| 050 | 0 | 0 |
_aTJ265 _b.R35 2015 |
| 082 | 0 | 0 |
_a621.101 _223 _bREI |
| 100 | 1 |
_aReisel, John R., _eauthor. _919194 |
|
| 245 | 1 | 0 |
_aPrinciples of engineering thermodynamics / _cJohn R. Reisel, University of Wisconsin, Milwaukee. |
| 246 | 3 | 0 | _aEngineering thermodynmaics |
| 264 | 1 |
_aBoston, MA : _bCengage Learning, _c[2016] |
|
| 264 | 4 | _c©2016 | |
| 300 |
_axv, 487 pages : _billustrations ; _c26 cm |
||
| 336 |
_atext _btxt _2rdacontent |
||
| 337 |
_aunmediated _bn _2rdamedia |
||
| 338 |
_avolume _bnc _2rdacarrier |
||
| 500 | _aIncludes index. | ||
| 563 | _aPB | ||
| 650 | 0 |
_aThermodynamics. _97134 |
|
| 650 | 0 |
_aComputer-aided engineering. _934561 |
|
| 650 | 0 |
_aThermodynamics _xMathematics. _934562 |
|
| 856 | 4 | 2 |
_3Contributor biographical information _uhttps://www.loc.gov/catdir/enhancements/fy1613/2014947843-b.html |
| 856 | 4 | 2 |
_3Publisher description _uhttps://www.loc.gov/catdir/enhancements/fy1613/2014947843-d.html |
| 856 | 4 | 1 |
_3Table of contents only _uhttps://www.loc.gov/catdir/enhancements/fy1613/2014947843-t.html |
| 906 |
_a7 _bcbc _ccopycat _d2 _eepcn _f20 _gy-gencatlg |
||
| 942 |
_2ddc _cBK |
||
| 999 |
_c540507 _d540507 |
||